Normal view
MARC view
Entry Personal Name
001 - CONTROL NUMBER
- control field: 9097
003 - CONTROL NUMBER IDENTIFIER
- control field: OSt
005 - DATE AND TIME OF LATEST TRANSACTION
- control field: 20160530143319.0
008 - FIXED-LENGTH DATA ELEMENTS
- fixed length control field: 160530|| aca||aabn | a|a d
040 ## - CATALOGING SOURCE
- Original cataloging agency: OSt
- Transcribing agency: OSt
100 ## - HEADING--PERSONAL NAME
- Personal name: Stoogenke,Marvin;Le,Peter;
670 ## - SOURCE DATA FOUND
- Source citation: Work cat.: (OSt): Stoogenke,Marvin;Le,Peter;, Q&A review for the Pharmacy Technician., 2004.
